000 00574nam a2200205Ia 4500
003 OSt
005 20230504104443.0
008 210423s2004 xx 000 0 und d
020 _a8176487910
040 _cAL
041 _aeng
082 _a628 RAJN
100 _aRAJVAIDYA (Neelima);MARKA DEY (Dilip Kumar).
_997514
245 _aEnvironmental analysis and instrumentation.
260 _aNew Delhi
_bA P H Publishing Corporation
_c2004
300 _axxxi,367
_bPB
365 _b795
_cINR
906 _aanalysis ; Environmental ; instrumentation.
942 _2ddc
_cBK
999 _c163149
_d163149